00366cam a22001217a 4500008004000000082001400040100002200054245006800076260003700144300001500181650002500196700002300221180718b1983 xxu||||| |||| 00| 0 eng d aT300 R252 aReekie, W. Duncan aManagerial economicscby W. Duncan Reekie and Jonathan N. Crook aDelhibHeritage Publishersc1983 axiv, 447p. aManagerial economics aCrook, Jonathan N.